000 00645nam a2200277Ia 4500
005 20260324123607.0
008 008 260324s9999 xx 000 0 eng d
020 _a9780240815237
037 _aEBOOK
040 _aCRL
040 _beng
040 _cCRL
041 _2eng
041 _aeng
084 _qCRL
100 _aDavid Lewis Yewdall
_91170902
245 0 _aPractical Art of Motion Picture Sound
260 _bTaylor and Francis
260 _c2011
365 _a
365 _b300
856 _uhttp://www.taylorfrancis.com/books/9780240815237
942 _cEBOOK
999 _c1764569
_d1764569